Star Trek Show Characters Quiz Stats

 Plays Quiz not verified by Sporcle

Support Sporcle.
Go Orange.
Score 0/20 Timer 05:00
0 Plays Today
Hint Answer % Correct
VoyagerKathryn Janeway
90.6%
Deep Space NineOdo
86.6%
Deep Space NineJulian Bashir
84.4%
VoyagerHarry Kim
81.5%
VoyagerTuvok
81.2%
VoyagerChakotay
79.7%
DiscoveryChristopher Pike
69.6%
Deep Space NineElim Garak
66.7%
DiscoverySpock
66.3%
EnterpriseHoshi Sato
61.6%
Hint Answer % Correct
EnterprisePhlox
60.5%
EnterpriseMalcolm Reed
59.4%
Deep Space NineWeyoun
54%
PicardHugh
48.6%
DiscoveryGabriel Lorca
46.7%
DiscoverySaru
44.6%
EnterpriseThy'lek Shran
41.3%
PicardCristóbal Rios
31.5%
PicardAgnes Jurati
24.6%
PicardElnor
24.3%

You're not logged in!

Compare scores with friends on all Sporcle quizzes.
OR
Log In

From the Vault

Harry Potter Books About Rubeus Hagrid

by howiedoin843

According to Orson Scott Card, rewriting stories from the perspective of other characters is the hardest thing to do.
Remove Ads.
Support Sporcle.
Get the best of Sporcle when you Go Orange. This ad-free experience offers more features, more stats, and more fun while also helping to support Sporcle. Thank you for becoming a member.

Show Comments

Extras

Top Quizzes Today


Score Distribution

Your Account Isn't Verified!

In order to create a playlist on Sporcle, you need to verify the email address you used during registration. Go to your Sporcle Settings to finish the process.

Report this User

Report this user for behavior that violates our Community Guidelines.

Details: